| 000 | 00950nam a22003017a 4500 | ||
|---|---|---|---|
| 001 | 0004684 | ||
| 003 | KOHA_MİRAKIL | ||
| 005 | 20260207001422.0 | ||
| 007 | ta | ||
| 008 | 090508b1993 xx a|||gr||||#||||0|eng | | ||
| 020 | _a1561342270 | ||
| 040 |
_aTR-BiSEU _btur _cTR-BiSEU _erda |
||
| 041 | 0 | _aeng | |
| 050 |
_aJZ1305 _b.R68 1993 |
||
| 100 | 1 | _aRourke, John T.. | |
| 245 | 1 |
_aInternational politics on the world stage/ _cJohn T. Rourke ; John T. Rourke. |
|
| 250 | _a4th ed. | ||
| 264 | 1 |
_aGuilford, Conn. : _bDushkin Pub. Group _c1993 |
|
| 300 |
_axxxii, 639 sayfa : _bres., maps (some col.) |
||
| 336 |
_ametin _btxt _2rdacontent |
||
| 337 |
_aaracısız _bn _2rdamedia |
||
| 338 |
_acilt _bnc _2rdacarrier |
||
| 500 | _aIncludes bibliographical references and index. | ||
| 650 | 0 |
_aInternational relations. _97042 |
|
| 650 | 0 |
_aWorld politics--1989-. _99448 |
|
| 650 | 0 |
_aInternational economic relations. _93539 |
|
| 942 |
_2lcc _cBK |
||
| 999 |
_c4666 _d4666 |
||